000 00708cab a2200241 4500
001 WB3223-32
008 090401t1996 xxu||||| |||| 00| 0 eng d
035 _a(Sirsi) u27728
041 _aeng
245 _aGeneralised planning blight
260 _c1996
350 _a0
490 _aDoE News Release
_v(235) 5 June 1996, (2)
520 _aAnnounces publication of the Interdepartmental Working Group`s discussion paper on generalised blight. Comments by 31 July 1996.
650 _aBLIGHT
650 _aCOMPENSATION
650 _aINFRASTRUCTURE PROJECTS
650 _aMAJOR PROJECTS
650 _aPROPERTY VALUES
690 _aPLANNING LAW AND PRACTICE
942 _n0
948 _c04/03/1997
999 _c18675
_d18675